| 000 | 00498nam a2200169 i 4500 | ||
|---|---|---|---|
| 001 | 36273 | ||
| 003 | ES-MaACL | ||
| 005 | 20240509101458.0 | ||
| 007 | t| | ||
| 008 | 030217s1966 sp ||||1| spa d | ||
| 100 | 1 |
_aBrines, Francisco, _d1932-2021 _931751 |
|
| 245 | 1 | 0 |
_aPalabras a la oscuridad / _cFrancisco Brines. |
| 260 |
_aMadrid : _bInsula, _c1966. |
||
| 300 |
_a173 p. ; _c22 cm. |
||
| 852 |
_aES-MaACL _jC-30836 _bR.70222 _q. - Ded. autógr. del autor |
||
| 999 |
_c36273 _d36273 |
||